The forgetting : (Record no. 93)

MARC details
000 -LEADER
fixed length control field 01753cam a22003014a 4500
005 - DATE AND TIME OF LATEST TRANSACTION
control field 20260322212006.0
008 - FIXED-LENGTH DATA ELEMENTS--GENERAL INFORMATION
fixed length control field data
010 ## - LIBRARY OF CONGRESS CONTROL NUMBER
LC control number 2001028012
020 ## - INTERNATIONAL STANDARD BOOK NUMBER
International Standard Book Number 0385498373
020 ## - INTERNATIONAL STANDARD BOOK NUMBER
International Standard Book Number 9780385498371
040 ## - CATALOGING SOURCE
Original cataloging agency DLC
Transcribing agency DLC
Modifying agency DLC
042 ## - AUTHENTICATION CODE
Authentication code pcc
050 00 - LIBRARY OF CONGRESS CALL NUMBER
Classification number RC523.2
Item number .S535 2001
082 00 - DEWEY DECIMAL CLASSIFICATION NUMBER
Classification number 616.8/31
Edition information 21
092 ## - LOCALLY ASSIGNED DEWEY CALL NUMBER (OCLC)
Classification number 616.8 S535 2001
001 - CONTROL NUMBER
control field data
100 1# - MAIN ENTRY--PERSONAL NAME
Personal name Shenk, David,
Dates associated with a name 1966-
245 14 - TITLE STATEMENT
Title The forgetting :
Remainder of title Alzheimer's, portrait of an epidemic /
Statement of responsibility, etc. David Shenk.
250 ## - EDITION STATEMENT
Edition statement 1st ed.
260 ## - PUBLICATION, DISTRIBUTION, ETC.
Place of publication, distribution, etc. New York :
Name of publisher, distributor, etc. Doubleday,
Date of publication, distribution, etc. 2001.
300 ## - PHYSICAL DESCRIPTION
Extent viii, 290 p. ;
Dimensions 25 cm.
504 ## - BIBLIOGRAPHY, ETC. NOTE
Bibliography, etc. note Includes bibliographical references (p. 265-280) and index.
505 8# - FORMATTED CONTENTS NOTE
Formatted contents note Machine generated contents note: 1. I Have Lost Myself -- 2. Bothered -- 3. The God Who Forgot and the Man -- Who Could Not -- 4. The Race -- 5. Irrespective of Age -- 6. A Most Loving Brother -- P A R T I I -- MIDDLE STAGE -- 7. Fumbling for the Name of My Wife -- 8. Back to Birth -- 9. National Institute of Alzheimer's -- 10. Ten Thousand Feet, at Ten O'Clock at Night -- 11. A World of Struldbruggs -- 12. Humanize the Mouse -- 13. We Hope to Radio Back to Earth Images -- of Beauty Never Seen -- P A R T I II -- END STAGE -- 14. Breakthrough? -- 15. One Thousand Subtractions -- 16. Things to Avoid -- 17. The Mice Are Smarter -- Epilogue 253 -- Acknowledgments 257 -- Resources for Patients and Families 261 -- Sources 265 -- Index 281.
650 #0 - SUBJECT ADDED ENTRY--TOPICAL TERM
Topical term or geographic name entry element Alzheimer's disease.
856 42 - ELECTRONIC LOCATION AND ACCESS
Materials specified Contributor biographical information
Uniform Resource Identifier <a href="http://www.loc.gov/catdir/bios/random053/2001028012.html">http://www.loc.gov/catdir/bios/random053/2001028012.html</a>
856 42 - ELECTRONIC LOCATION AND ACCESS
Materials specified Publisher description
Uniform Resource Identifier <a href="http://www.loc.gov/catdir/description/random0411/2001028012.html">http://www.loc.gov/catdir/description/random0411/2001028012.html</a>
856 41 - ELECTRONIC LOCATION AND ACCESS
Materials specified Table of contents
Uniform Resource Identifier <a href="http://www.loc.gov/catdir/toc/fy022/2001028012.html">http://www.loc.gov/catdir/toc/fy022/2001028012.html</a>
Holdings
Withdrawn status Lost status Damaged status Not for loan Home library Current library Shelving location Date acquired Total checkouts Full call number Barcode Date last seen Price effective from Koha item type
        Franklin Franklin General stacks 22/03/2026   616.8/31 21 BC0010096 22/03/2026 22/03/2026 Books